| 000 | 00498nam a2200181Ia 4500 | ||
|---|---|---|---|
| 005 | 20250326123709.0 | ||
| 008 | 250326s9999 xx 000 0 und d | ||
| 037 | _aTextbook | ||
| 040 |
_aFMSL _beng _cFMSL |
||
| 041 |
_aeng _2eng |
||
| 084 |
_aX8(A) M1 _qFMSL |
||
| 100 | _aNPC | ||
| 245 | 0 |
_aElectroplating and metal finishing _cNPC |
|
| 260 |
_aNew Delhi _bNew Delhi, National Productivity Council _c1981 |
||
| 300 | _a367p | ||
| 942 |
_cTB _hX8(A) M1 |
||
| 999 |
_c1270546 _d1270546 |
||